000 00639nam a2200181 a 4500
003 0
005 20250521114259.0
008 030519s19uu xx 00 eng d
050 _aPHS ML 3920
_b.N89 2003
100 _aNuyda, Joratio Jose Sanchez.
245 _aMusic as an enhancer of the well being of the elderly /
_cJoratio Jose Sanchez Nuyda.
260 _aLas PiƱas City, Philippines :
_bSouthville International School and Colleges,
_c2003.
300 _a58 pages ;
_c28 cm.
504 _aIncludes bibliographical references.
650 _aMusic therapy for older people.
650 _aMusic
_xTherapeutic use.
942 _2lcc
_cPASS
999 _c96802
_d96802